000 00586cas a2200229 a 4500
999 _c163352
_d163352
001 dpl
005 20190411113845.0
006 m o d
007 cr cnu
008 050819c20059999nyuqr pso 0 a0eng c
010 _a
022 0 _a0972-656X
082 1 0 _a624.18923
245 1 0 _aInternational journal of plastics technology
260 _aNew Delhi :
_bSpringer India
300 _av.
_c23 cm (Pbk)
310 _aBi-annual
856 _uwww.springer.com/13562
906 _cserials
942 _2ddc
_cSR
_s1
_h624.18923
_mINT